000 00502nam a22001937a 4500
003 MPLRDC
005 20220104154307.0
008 210129b ||||| |||| 00| 0 eng d
020 _a957-9174-79-2
082 _a496.5 FTL
100 _a方天龙
245 _a如何寻找传销事业伙伴
_c
250 _a初版
260 _a台湾
_b汉湘文化事业股份有限公司
_c1996
300 _b
490 _a传销系列. 15
650 _a推销策略; 贩卖术
942 _cBK
_o496.5 FTL
999 _c53902
_d53892